Anciennes nations par cartes - Statistiques

Statistiques générales
  • Ce quiz a été pris 500 fois
  • Le résultat moyen est 8 sur 15
Statistiques - réponses
Par images Réponse % Correct
Empire ottoman
92%
Union Soviétique
90%
Empire mongol
88%
Empire inca
79%
Empire aztèque
67%
Royaume de Sardaigne
57%
Grande Colombie
50%
Royaume de Macédoine
44%
Royaume d'Aragon
39%
République des Deux Nations
38%
Empire moghol
37%
République de Gênes
32%
Royaume du Kongo
23%
Empire du Songhaï
16%
Sultanat de Tunis
16%
Aucun quiz correspondant
Distribution des résultats
% des personnes avec chaque résultat
Percentile par nombre de réponses
Votre historique - résultats
Vous n’avez pas pris ce quiz